Halsbury's laws of England :Burial and Cremation to Choses in Action Vol.4 / (Record no. 2230)
[ view plain ]
| 000 -LEADER | |
|---|---|
| fixed length control field | 01004cam a2200289 a 4500 |
| 001 - CONTROL NUMBER | |
| control field | 15334219 |
| 003 - CONTROL NUMBER IDENTIFIER | |
| control field | OSt |
| 005 - DATE AND TIME OF LATEST TRANSACTION | |
| control field | 20110526105023.0 |
| 008 - FIXED-LENGTH DATA ELEMENTS--GENERAL INFORMATION | |
| fixed length control field | 080618m20089999enk 001 0 eng |
| 010 ## - LIBRARY OF CONGRESS CONTROL NUMBER | |
| LC control number | 2008614813 |
| 040 ## - CATALOGING SOURCE | |
| Original cataloging agency | DLC |
| Transcribing agency | DLC |
| 043 ## - GEOGRAPHIC AREA CODE | |
| Geographic area code | e-uk--- |
| 050 00 - LIBRARY OF CONGRESS CALL NUMBER | |
| Classification number | KD310 |
| Item number | .H34 2008 |
| 082 ## - DEWEY DECIMAL CLASSIFICATION NUMBER | |
| Edition number | 22 |
| Classification number | 348.42 HAL |
| 245 00 - TITLE STATEMENT | |
| Title | Halsbury's laws of England :Burial and Cremation to Choses in Action Vol.4 / |
| 246 30 - VARYING FORM OF TITLE | |
| Title proper/short title | Laws of England |
| 250 ## - EDITION STATEMENT | |
| Edition statement | 3rd ed. _ |
| 260 ## - PUBLICATION, DISTRIBUTION, ETC. (IMPRINT) | |
| Place of publication, distribution, etc | London : |
| Name of publisher, distributor, etc | Butterworths, |
| Date of publication, distribution, etc | 1954- |
| 300 ## - PHYSICAL DESCRIPTION | |
| Extent | v. ; |
| Dimensions | 26 cm. |
| 650 #0 - SUBJECT ADDED ENTRY--TOPICAL TERM | |
| Topical term or geographic name as entry element | Law |
| Geographic subdivision | Great Britain. |
| 9 (RLIN) | 4505 |
| 700 1# - ADDED ENTRY--PERSONAL NAME | |
| Personal name | Halsbury, Hardinge Stanley Giffard, |
| Titles and other words associated with a name | Earl of, |
| Dates associated with a name | 1823-1921. |
| 9 (RLIN) | 4506 |
| 700 1# - ADDED ENTRY--PERSONAL NAME | |
| Personal name | Mackay of Clashfern, James Peter Hymers, |
| Titles and other words associated with a name | Baron, |
| Dates associated with a name | 1927- |
| 9 (RLIN) | 4507 |
| 906 ## - LOCAL DATA ELEMENT F, LDF (RLIN) | |
| a | 7 |
| b | cbc |
| c | origcop |
| d | 2 |
| e | ncip |
| f | 20 |
| g | y-gencatlg |
| 942 ## - ADDED ENTRY ELEMENTS (KOHA) | |
| Source of classification or shelving scheme | Dewey Decimal Classification |
| Koha item type | Reference |
| Withdrawn status | Lost status | Source of classification or shelving scheme | Damaged status | Not for loan | Home library | Current library | Shelving location | Date acquired | Total Checkouts | Full call number | Barcode | Date last seen | Price effective from | Koha item type |
|---|---|---|---|---|---|---|---|---|---|---|---|---|---|---|
| Dewey Decimal Classification | Law Development Centre Main Library | Law Development Centre Main Library | Reference | 05/26/2011 | 348.42 HAL | 2011/1414 | 05/26/2011 | 05/26/2011 | Reference |
